000 00483nam a2200181Ia 4500
005 20250508161647.0
008 008 250505s9999 xx 000 0 eng d
037 _aTextual
040 _aFEDL
_beng
_cFEDL
041 _aeng
_2eng
084 _a813.0149, CAS
_qFEDL
100 _aCassill R V
_916526
245 0 _aWriting fiction
260 _aNew York, USA
_bPocket Books
_c1962
300 _a304p.
942 _cTEXL
_h813.0149, CAS
999 _c1371396
_d1371396